Wales's 2016 Football Team (last three letters) - Statistics

General Stats
  • This quiz has been taken 122 times
  • The average score is 21 of 23
Answer Stats
player % Correct
10 Aaron Ram{sey}
100%
6 Ashley Willi{ams}
100%
13 George Willi{ams}
100%
20 Jonathan Willi{ams}
100%
3 Neil Tay{lor}
100%
12 Owain Fôn Willi{ams}
100%
1 Wayne Hennes{sey}
100%
14 David Edwa{rds}
99%
11 Gareth B{ale}
99%
15 Jazz Richa{rds}
99%
4 Ben Dav{ies}
98%
2 Chris Gun{ter}
97%
5 James Ches{ter}
97%
7 Joe Al{len}
96%
9 Hal Robson-K{anu}
94%
19 James Coll{ins}
92%
16 Joe Led{ley}
89%
18 Sam Vo{kes}
87%
8 Andy K{ing}
83%
21 Danny W{ard}
82%
22 David Vaug{han}
81%
23 Simon Chu{rch}
77%
17 David Cotter{ill}
60%
No matching quizzes found
Score Distribution
Percent of People with Each Score
Percentile by Number Answered
Your Score History
You have not taken this quiz